01001nam a2200241Ia 450000100060000000300090000600800410001504000130005604000130006904100120008210000250009410000290011924500560014824500560020425000110026026000090027126000100028026000490029030000530033950003070039265000290069965000310072888320IT-RoPAU130308s9999 xx 000 0 und d aIT-RoPAU cIT-RoPAU aINGLESE aJegaraj Godwin Linus gCodice Aut. SPICS: 31459 aAdvertising practices in India (A Critical Outlook) bAdvertising practices in India (A Critical Outlook) a1a ed. aROMA bSPICS c1986 [1° Ed.:1986 - Ed.Ling.Originale:1986] a"28 p. (prefazione: 2; testo: 26 [pagine: 0-0])" aPratiche della Pubblicità in India Storia e Sviluppo della Pubblicità Oggetto della Pubblicità beni di consumo Servizi Sociali e pubblici turismo mezzi della Pubblicità Televisione Radio Cinema Stampa Sguardo Critico Alla moderna Pubblicità Proposta di codici Etici Bibliografia Illustrazioni aELABORATI STUDENTI SPICS eCodice materia Spics: 9905